<Die> Wohnungsbaukreditanstalten.

Úlohy bytovej výstavby po II. svetovej vojne. Právne zabezpečenie činnosti špecializovaných úverových ústavov pre bytovú výstavbu. Plnenie sociálnych úloh špecializovanými úverovými ústavmi a ich zvláštne postavenie v konkurencii. Osvedčené postupy pri úverovaní a pomoc štátu.

Na minha lista:
Detalhes bibliográficos
Autor principal: Ullrich, E.
Formato: Capítulo de Livro
Idioma:alemão
Assuntos:
Tags: Adicionar Tag
Sem tags, seja o primeiro a adicionar uma tag!

MARC

LEADER 00000naa a2200000 4500
001 r003405
005 20221130103550.2
041 0 |a ger 
044 |a DE 
245 1 0 |a <Die> Wohnungsbaukreditanstalten.  |c E. Ullrich 
520 |a Úlohy bytovej výstavby po II. svetovej vojne. Právne zabezpečenie činnosti špecializovaných úverových ústavov pre bytovú výstavbu. Plnenie sociálnych úloh špecializovanými úverovými ústavmi a ich zvláštne postavenie v konkurencii. Osvedčené postupy pri úverovaní a pomoc štátu. 
610 2 0 |a výstavba bytová 
610 2 0 |a banky 
610 2 0 |a úverovanie 
610 2 0 |a financovanie 
610 2 0 |a subvencie 
610 2 0 |a Nemecko 
100 1 |a Ullrich, E.